Preserving what is valued (Record no. 72319)
[ view plain ]
| 000 -LEADER | |
|---|---|
| fixed length control field | 01555nam a2200361Ia 4500 |
| 082 04 - DEWEY DECIMAL CLASSIFICATION NUMBER | |
| Classification number | 306/.089/970074 |
| 100 1# - MAIN ENTRY--AUTHOR NAME | |
| Personal name | Clavir, Miriam, |
| 245 10 - TITLE STATEMENT | |
| Title | Preserving what is valued |
| 260 ## - PUBLICATION, DISTRIBUTION, ETC. (IMPRINT) | |
| Place of publication | Vancouver : |
| Name of publisher | UBC Press, |
| Year of publication | c2002. |
| 300 ## - PHYSICAL DESCRIPTION | |
| Number of Pages | xxiv, 295 p. : |
| Other physical details | ill., map, ports. |
| 490 1# - SERIES STATEMENT | |
| Series statement | A UBC Museum of Anthropology research publication |
| 650 #0 - SUBJECT ADDED ENTRY--TOPICAL TERM | |
| Topical Term | Indians of North America |
| Topical Term | Cultural property |
| Topical Term | Anthropological museums and collections. |
| Topical Term | Museums |
| Topical Term | Museum conservation methods. |
| 856 40 - ELECTRONIC LOCATION AND ACCESS | |
| Uniform Resource Identifier | http://site.ebrary.com/lib/rucke/Doc?id=10056070 |
No items available.
